Emulsifiers in food technology
Saved in:
| Other Authors: | |
|---|---|
| Format: | Book |
| Language: | English |
| Published: |
Chichester :
Wiley Blackewell,
c2015.
|
| Edition: | 2η έκδ. |
| Subjects: | |
| Tags: |
Add Tag
No Tags, Be the first to tag this record!
|
MARC
| LEADER | 00000cam a2200000 a 4500 | ||
|---|---|---|---|
| 001 | 1/108060 | ||
| 008 | 150821s2015####uk | ||| |||| ||eng|| | ||
| 020 | |a 9780470670637 |q (σκληρό εξώφυλλο) | ||
| 040 | |a GR-MyUa |b gre |c GR-MyUa |e AACR2 | ||
| 041 | 0 | |a eng | |
| 082 | 7 | |a 664.024 |2 (23) | |
| 245 | 0 | 0 | |a Emulsifiers in food technology / |c [edited by] Viggo Norn. |
| 250 | |a 2η έκδ. | ||
| 260 | |a Chichester : |b Wiley Blackewell, |c c2015. | ||
| 300 | |a xvi, 342 σ. : |b εικ., πίν. ; |c 25 εκ. | ||
| 504 | |a Περιλαμβάνει βιβλιογραφικές παραπομπές και ευρετήριο. | ||
| 650 | 0 | |a Food additives. | |
| 650 | 0 | |a Emulsions. | |
| 650 | 0 | |a Dispersing agents. | |
| 700 | 1 | |a Norn, Viggo, |e edt | |
| 852 | |a INST |b LEMNOS |e 20150821 |h 664.024 EMU |p 005600001406 |q 005600001406 |t BK |y 0 | ||
| 922 | |a 6ΕΛΗ |b 2015/04 |c ΤΑΚ/ΤΕΤΔ |d Liberal Books | ||
| 970 | |a Μοσχόβη |b Ευαγγελία |z 21/08/2015 | ||